Statistiques concernant Culture Générale - Série 1469

Cliquez ici pour prendre le quiz!

Statistiques générales

  • Ce quiz a été pris 83 fois
  • Le résultat moyen est 6 sur 10

Statistiques - réponses

Question Réponse % Correct
Lorsque l'on est menacé, l'expression dit qu'on a "le couteau sous la...gorge
96%
Dans quel État européen se trouve la ville d'Aix-la-Chapelle ?Allemagne
90%
Quel nom de poisson désigne familièrement un homme d'affaires impitoyable et sans scrupule ?requin
87%
Quel mot rimant avec "lundi", désigne un petit rouleau sur lequel on enroule les mèches de cheveux pour les boucler ?bigoudi
84%
Selon l'expression, quels organes rayent le parquet quand on est très ambitieux ?dents
84%
Quel agent secret est "la menace" selon le titre d'une série télévisée américaine des années 1960 ?Max
70%
Quel est le prénom du héros dans les séries "Lost, les disparus" et "24h Chrono" ?Jack
43%
A quelle déesse, le Troyen Pâris offrit-il la pomme d'or destinée à "la plus belle" ?Aphrodite
37%
Un homme qui a plusieurs épouses est polygame; mais quel adjectif qualifie, spécifiquement, une femme qui a plusieurs époux ?polyandre
25%
Quel chanteur populaire l'ex-rédactrice en chef du magazine "ELLE", Anne-Marie Périer, a-t-elle épousé en 1999 ?Michel Sardou
22%

Distribution des résultats

Percentile par nombre de réponses

% des personnes avec chaque résultat

Votre développement - résultats

Vous n’avez pas pris ce quiz